[Event "International Championship of Central Se"]
[Site "Paracin, hotel "]
[Date "2012.07.07"]
[Round "3.1"]
[White "Popovic, Milan S"]
[Black "Nadvesnik, Vilma"]
[Result "1-0"]
[WhiteElo "2083"]
[BlackElo "1906"]
[PlyCount "98"]
[EventDate "2012.07.06"]

1. e4 d6 2. Nc3 g6 3. Bc4 Nf6 4. f4 Nxe4 5. Bxf7+ Kxf7 6. Nxe4 e6 7. Nf3 Be7 8.
O-O Rf8 9. d4 Kg7 10. Be3 Nc6 11. Qd2 b6 12. Rfe1 Re8 13. Bf2 h6 14. d5 exd5
15. Qc3+ Kh7 16. Qxc6 dxe4 17. Qxa8 exf3 18. Qxf3 Rf8 19. Rad1 Bd7 20. c4 a5
21. Qe4 Rf7 22. b3 Qf8 23. Be3 Bh4 24. g3 Bf6 25. Bd4 Re7 26. Qd3 Bf5 27. Qd2
Rxe1+ 28. Rxe1 Bd8 29. Qe2 Bd7 30. Qe4 Qf7 31. h3 h5 32. Kh2 Kh6 33. Bc3 Qf8
34. Qf3 Qf5 35. g4 Qc2+ 36. Re2 Bc6 37. Rxc2 Bxf3 38. Kg3 c6 39. g5+ Kh7 40.
Bf6 Bxf6 41. gxf6 Be4 42. Re2 d5 43. cxd5 Bxd5 44. Re7+ Kg8 45. Rc7 a4 46. Rd7
Be6 47. Rd6 Kf7 48. bxa4 Kxf6 49. Rxc6 Kf5 1-0

[Event "International Championship of Central Se"]
[Site "Paracin, hotel "]
[Date "2012.07.07"]
[Round "3.2"]
[White "Pleshakov, Anton"]
[Black "Stojadinovic, Tomislav"]
[Result "1-0"]
[WhiteElo "2074"]
[BlackElo "1896"]
[PlyCount "51"]
[EventDate "2012.07.06"]

1. e4 e5 2. f4 exf4 3. Nf3 Ne7 4. d4 d5 5. Nc3 dxe4 6. Nxe4 Nd5 7. Bc4 Bg4 8.
O-O Be7 9. c3 O-O 10. Qb3 Be6 11. Qxb7 Ne3 12. Bxe6 Nxf1 13. Qxa8 fxe6 14. Kxf1
c5 15. Qxa7 Nc6 16. Qa4 Qd5 17. Nxc5 Bxc5 18. dxc5 Qxc5 19. Bd2 g5 20. Nxg5 f3
21. Nxf3 Ne5 22. Ke2 Nc4 23. Qd7 Qb6 24. Qd4 Qc6 25. Bh6 Re8 26. Qg7# 1-0

[Event "International Championship of Central Se"]
[Site "Paracin, hotel "]
[Date "2012.07.07"]
[Round "3.3"]
[White "Zajic, Milun"]
[Black "Cvetic, Milan"]
[Result "1-0"]
[WhiteElo "1873"]
[BlackElo "2063"]
[PlyCount "121"]
[EventDate "2012.07.06"]

1. c4 Nf6 2. Nc3 e5 3. g3 d5 4. cxd5 Nxd5 5. Bg2 Nxc3 6. bxc3 Bc5 7. e3 O-O 8.
Ne2 c6 9. d4 exd4 10. cxd4 Bd6 11. O-O Be6 12. Nc3 Bb4 13. Qc2 Qd7 14. Rd1 Bg4
15. f3 Bh3 16. Bh1 Bf5 17. e4 Bg6 18. Rb1 Na6 19. Bg2 Ba5 20. Be3 Bb6 21. Na4
Bd8 22. Bf1 b5 23. d5 cxd5 24. Bxb5 Qe6 25. Qc6 Nc7 26. Qxe6 fxe6 27. Bc6 Rc8
28. Bb7 Rb8 29. Bxa7 Rxb7 30. Rxb7 dxe4 31. fxe4 Bxe4 32. Rb8 Nd5 33. Bc5 Be7
34. Rxf8+ Kxf8 35. Re1 Bc2 36. Bxe7+ Kxe7 37. Nc5 Bf5 38. Kf2 Kd6 39. Nb3 Nc3
40. a3 e5 41. Rc1 Nd5 42. a4 Bd3 43. Nc5 Nb4 44. Ke3 Bc2 45. Na6 Nd5+ 46. Kf3
e4+ 47. Kg4 Bxa4 48. Nc5 Bd7+ 49. Nxd7 Kxd7 50. Kf5 Nf6 51. Ra1 e3 52. Re1 Ke7
53. Rxe3+ Kf7 54. Ra3 g6+ 55. Kg5 Ng8 56. Ra7+ Ne7 57. Kh6 Kf6 58. Kxh7 Nd5 59.
Ra6+ Kf7 60. Rxg6 Ne3 61. Rb6 1-0

[Event "International Championship of Central Se"]
[Site "Paracin, hotel "]
[Date "2012.07.07"]
[Round "3.4"]
[White "Kostic, Tomislav"]
[Black "Majstorovic, Dusan"]
[Result "1-0"]
[WhiteElo "1833"]
[BlackElo "2050"]
[PlyCount "65"]
[EventDate "2012.07.06"]

1. e4 e6 2. d4 d5 3. exd5 exd5 4. Nf3 Bd6 5. Bd3 Nf6 6. c3 O-O 7. O-O Bg4 8.
Be3 Nbd7 9. Nbd2 Re8 10. Qc2 c6 11. Rae1 h6 12. h3 Be6 13. Re2 Rc8 14. Rfe1 Qc7
15. Nb3 Ne4 16. Ne5 Nxe5 17. dxe5 Bxe5 18. Bxe4 dxe4 19. Bxa7 b6 20. f4 Bxf4
21. Rxe4 Red8 22. Rb4 Qxa7 23. Rxf4 Qxa2 24. Nd4 Bd5 25. Nf5 Re8 26. Ref1 Rcd8
27. Rg4 g6 28. Qc1 Be6 29. Nxh6+ Kg7 30. Rh4 f5 31. Qg5 Qd5 32. Ng4 Rf8 33. Rh6
1-0

[Event "International Championship of Central Se"]
[Site "Paracin, hotel "]
[Date "2012.07.07"]
[Round "3.5"]
[White "Ostojic, Nikola M"]
[Black "Boskovic, Maksimilijan"]
[Result "1-0"]
[WhiteElo "2048"]
[BlackElo "1888"]
[PlyCount "197"]
[EventDate "2012.07.06"]

1. d4 Nf6 2. c4 g6 3. Nc3 Bg7 4. e4 d6 5. f3 O-O 6. Bg5 b6 7. Qd2 c5 8. d5 a6
9. Nge2 Nbd7 10. Nc1 Rb8 11. a4 Re8 12. Be2 Qc7 13. O-O Bb7 14. Nd3 e6 15. Rae1
exd5 16. exd5 Ne5 17. Nxe5 Rxe5 18. Bd3 Nd7 19. f4 Ree8 20. Kh1 f5 21. Re2 h6
22. Bh4 Bf6 23. Bf2 Nf8 24. Rfe1 Qf7 25. h3 Bg7 26. Bh4 Rxe2 27. Qxe2 Bf6 28.
Bxf6 Qxf6 29. Qe7 Qxe7 30. Rxe7 Bc8 31. Kh2 Bd7 32. g4 fxg4 33. hxg4 Re8 34.
Rxe8 Bxe8 35. a5 bxa5 36. Ne4 Kf7 37. Nxd6+ Ke7 38. Nb7 Nd7 39. Nxa5 g5 40. Kg3
Kf6 41. Nb7 Ke7 42. d6+ Kf6 43. Bf5 gxf4+ 44. Kxf4 Ne5 45. Nxc5 Nxc4 46. d7
Bxd7 47. Bxd7 Nxb2 48. Nxa6 Nd3+ 49. Kg3 Ne5 50. Be8 Kg5 51. Bh5 Nd7 52. Nc7
Ne5 53. Nd5 Nc4 54. Nf4 Ne5 55. Ne2 Nd3 56. Nc3 Kf6 57. Kh4 Ke5 58. Ne2 Kf6 59.
Be8 Ne5 60. Ng3 Ke7 61. Bb5 Kf6 62. Nf5 Kg6 63. Be8+ Kf6 64. Kh5 Nxg4 65. Kxg4
h5+ 66. Kf4 Ke6 67. Nh4 Kd5 68. Ke3 Ke5 69. Bg6 Kf6 70. Kf4 Ke6 71. Bxh5 Kd5
72. Nf3 Ke6 73. Ke4 Kd6 74. Bf7 Ke7 75. Bd5 Kf6 76. Kf4 Kg6 77. Ke5 Kh6 78. Kf6
Kh7 79. Bf7 Kh8 80. Ne5 Kh7 81. Bg6+ Kh8 82. Nf7+ Kg8 83. Bd3 Kf8 84. Bh7 Ke8
85. Ne5 Kf8 86. Nd7+ Ke8 87. Ke6 Kd8 88. Kd6 Ke8 89. Bg6+ Kd8 90. Nf6 Kc8 91.
Bd3 Kd8 92. Bb5 Kc8 93. Ke7 Kc7 94. Nd5+ Kc8 95. Ba6+ Kb8 96. Kd7 Ka8 97. Kc7
Ka7 98. Bc8 Ka8 99. Nb4 1-0

[Event "International Championship of Central Se"]
[Site "Paracin, hotel "]
[Date "2012.07.07"]
[Round "3.6"]
[White "Stojkovic, Zoran"]
[Black "Stojkovic, Dragan D"]
[Result "1-0"]
[WhiteElo "2019"]
[BlackElo "1872"]
[PlyCount "49"]
[EventDate "2012.07.06"]

1. c4 e5 2. Nc3 f5 3. e3 Nf6 4. d4 Nc6 5. dxe5 Nxe5 6. Nf3 Nf7 7. Bd3 d6 8. Qc2
g6 9. Bd2 Bd7 10. O-O-O c6 11. Rhe1 d5 12. cxd5 cxd5 13. e4 dxe4 14. Bxe4 fxe4
15. Nxe4 Nxe4 16. Qxe4+ Be7 17. Bc3 Rc8 18. Rd3 Kf8 19. Qd4 Bf5 20. Qg7+ Ke8
21. Rxd8+ Rxd8 22. Qf6 Rd7 23. Bb4 Rc7+ 24. Kd1 Kd8 25. Rxe7 1-0

[Event "International Championship of Central Se"]
[Site "Paracin, hotel "]
[Date "2012.07.07"]
[Round "3.7"]
[White "Milutinovic, Bojan"]
[Black "Zivkovic, Zivojin"]
[Result "0-1"]
[WhiteElo "1815"]
[BlackElo "1991"]
[PlyCount "76"]
[EventDate "2012.07.06"]

1. e4 d6 2. d4 Nf6 3. Nc3 g6 4. Be3 Bg7 5. f3 c6 6. Qd2 b5 7. g4 Qa5 8. h4 h5
9. g5 b4 10. Nce2 Nfd7 11. Nh3 c5 12. f4 cxd4 13. Nxd4 Nc5 14. Nf2 Bb7 15. Bg2
Nc6 16. O-O O-O 17. a3 Bxd4 18. Bxd4 bxa3 19. Qxa5 Nxa5 20. b4 Ne6 21. Be3 Nc4
22. Bc1 Nd4 23. c3 Nb3 24. Ra2 Nxc1 25. Rxc1 Rfc8 26. Bf1 a6 27. Bxc4 Rxc4 28.
Rxa3 Rac8 29. Kh2 Rxb4 30. cxb4 Rxc1 31. Re3 Rc4 32. Rb3 Bxe4 33. Nxe4 Rxe4 34.
Kg3 Rc4 35. b5 axb5 36. Rxb5 Rc3+ 37. Kf2 Rc7 38. Kf3 Kg7 0-1

[Event "International Championship of Central Se"]
[Site "Paracin, hotel "]
[Date "2012.07.07"]
[Round "3.8"]
[White "Nikolic, Vladimir"]
[Black "Franca, Veronika"]
[Result "0-1"]
[WhiteElo "1987"]
[BlackElo "1849"]
[PlyCount "120"]
[EventDate "2012.07.06"]

1. Nf3 Nf6 2. d4 e6 3. Bg5 h6 4. Bxf6 Qxf6 5. Nbd2 d5 6. e4 Nd7 7. e5 Qd8 8. c3
c5 9. Bb5 a6 10. Bxd7+ Bxd7 11. O-O Be7 12. Re1 O-O 13. Nf1 Rc8 14. Ng3 Qb6 15.
Qb3 Qxb3 16. axb3 Rc6 17. Ra3 cxd4 18. Nxd4 Bxa3 19. Nxc6 Bxb2 20. Re2 Bxc3 21.
Rc2 d4 22. Nxd4 Bxd4 23. Rd2 Bxe5 24. Rxd7 b6 25. Ne2 Rc8 26. f4 Bc7 27. g3 Kf8
28. Rd3 b5 29. Kf1 Ke7 30. Rc3 Kd7 31. Rd3+ Bd6 32. Nd4 Ke7 33. Ke2 Bb8 34. Kd2
Ba7 35. Nc2 a5 36. Na3 b4 37. Nc4 a4 38. Ne5 axb3 39. Rxb3 Bb6 40. Rd3 Rc7 41.
h4 Ba5 42. Kd1 f6 43. Nf3 Rc3 44. Rxc3 bxc3 45. Kc2 Kd6 46. Nd4 Kd5 47. Kd3 g6
48. Nc2 e5 49. fxe5 fxe5 50. Ne3+ Ke6 51. Ke4 Bb6 52. Nc2 h5 53. Na3 Bf2 54.
Kf3 Bc5 55. Nc2 Kf5 56. Ne1 e4+ 57. Kg2 Ke5 58. Nc2 Kd5 59. Kf1 Kc4 60. Ke2 Kb3
0-1

[Event "International Championship of Central Se"]
[Site "Paracin, hotel "]
[Date "2012.07.07"]
[Round "3.9"]
[White "Stefanov, Evtim"]
[Black "Jakovljevic, Dejan"]
[Result "1-0"]
[WhiteElo "1969"]
[BlackElo "1838"]
[PlyCount "36"]
[EventDate "2012.07.06"]

1. e4 e6 2. d4 d5 3. Nd2 Nf6 4. e5 Nfd7 5. f4 c5 6. c3 Nc6 7. Ndf3 Qb6 8. g3
cxd4 9. cxd4 Be7 10. Kf2 O-O 11. Kg2 Kh8 12. Nh3 f6 13. Nf2 fxe5 14. fxe5 Ndxe5
15. dxe5 Nxe5 16. Be2 Bc5 17. Rf1 Bxf2 18. Nxe5 Bc5 1-0

[Event "International Championship of Central Se"]
[Site "Paracin, hotel "]
[Date "2012.07.07"]
[Round "3.10"]
[White "Djordjevic, Danilo"]
[Black "Lazovic, Bozidar"]
[Result "1/2-1/2"]
[WhiteElo "1967"]
[BlackElo "1802"]
[PlyCount "100"]
[EventDate "2012.07.06"]

1. d4 Nf6 2. Nf3 e6 3. Bf4 b6 4. h3 Bb7 5. Nbd2 Be7 6. e3 O-O 7. Bd3 d5 8. c3
Nbd7 9. Qc2 c5 10. b3 Rc8 11. Rc1 cxd4 12. exd4 Ba3 13. Rd1 Bb4 14. c4 Ne4 15.
O-O Ndf6 16. Be5 Nxd2 17. Nxd2 h6 18. Nb1 Qe7 19. a3 Bd6 20. Bxd6 Qxd6 21. Nc3
a6 22. Na4 Nd7 23. Nc3 dxc4 24. bxc4 Qxa3 25. Ra1 Qd6 26. Rfd1 Nf6 27. Qb3 Rb8
28. Na4 b5 29. Nc5 Qc6 30. f3 bxc4 31. Qxc4 Nd5 32. Nxb7 Qxb7 33. Qxa6 Qb2 34.
Be4 Ne3 35. Ra2 Nxd1 36. Rxb2 Nxb2 37. d5 exd5 38. Bxd5 Nd1 39. Qd3 Nb2 40. Qf5
Rbd8 41. Be4 g6 42. Qf4 Kh7 43. h4 Nd3 44. Qf6 Nc5 45. Bc2 Nd7 46. Qe7 Kg7 47.
Bb3 Nf6 48. Qa7 h5 49. Qa3 Rd7 50. Qb2 Rfd8 1/2-1/2

[Event "International Championship of Central Se"]
[Site "Paracin, hotel "]
[Date "2012.07.07"]
[Round "3.11"]
[White "Kastelijn, Toine"]
[Black "Ratkovic, Petar"]
[Result "1-0"]
[WhiteElo "1946"]
[BlackElo "1527"]
[PlyCount "47"]
[EventDate "2012.07.06"]

1. d4 d5 2. c4 c6 3. Nf3 e6 4. e3 Nf6 5. Nc3 Nbd7 6. Qc2 Bd6 7. g4 h6 8. Rg1
Qc7 9. c5 Be7 10. g5 hxg5 11. Nxg5 Qxh2 12. Nf3 Qh7 13. Bd3 Qh3 14. Qe2 Ng4 15.
e4 dxe4 16. Nxe4 Ndf6 17. Nxf6+ gxf6 18. Bf4 e5 19. dxe5 Bxc5 20. exf6+ Be6 21.
O-O-O Nxf2 22. Rg5 Nxd1 23. Rxc5 O-O-O 24. Qe5 1-0

[Event "International Championship of Central Se"]
[Site "Paracin, hotel "]
[Date "2012.07.07"]
[Round "3.13"]
[White "Cokan, Mirko"]
[Black "Nikolic, Stanko"]
[Result "0-1"]
[WhiteElo "1800"]
[BlackElo "1911"]
[PlyCount "120"]
[EventDate "2012.07.06"]

1. e4 c5 2. c3 d6 3. d4 Nf6 4. Bd3 Nc6 5. Ne2 g6 6. h3 Bg7 7. O-O O-O 8. Be3 b6
9. Nd2 Qc7 10. Rc1 e5 11. Bb1 Ba6 12. Re1 Bxe2 13. Qxe2 a5 14. a4 Rfe8 15. d5
Ne7 16. Bd3 Nd7 17. Qf3 Rf8 18. g4 f6 19. c4 Rf7 20. Nf1 Raf8 21. Ng3 Kh8 22.
Kf1 Nb8 23. Ke2 Na6 24. Rh1 Nb4 25. Bb1 Qd7 26. b3 Ng8 27. Rcf1 Nh6 28. Bd2 Qc8
29. Qc3 Ng8 30. Qc1 Ne7 31. f3 Qd7 32. h4 Kg8 33. h5 g5 34. h6 Bh8 35. Nf5 Ng6
36. Rh5 Nf4+ 37. Bxf4 exf4 38. Rfh1 Re8 39. Kf2 Rd8 40. Qf1 Qe8 41. Qh3 Qe5 42.
Qf1 Qb2+ 43. Qe2 Qxb3 44. Ng7 Qc3 45. Re1 Bxg7 46. hxg7 Rxg7 47. Reh1 Rdd7 48.
Kg2 Rde7 49. Re1 Qe5 50. Rhh1 Qc3 51. Rd1 f5 52. Bd3 fxg4 53. fxg4 Nxd3 54. Rh3
f3+ 55. Qxf3 Nf4+ 56. Kh1 Qxf3+ 57. Rxf3 Rxe4 58. Rb1 Rge7 59. Rff1 Re2 60.
Rxb6 R7e3 0-1

[Event "International Championship of Central Se"]
[Site "Paracin, hotel "]
[Date "2012.07.07"]
[Round "3.15"]
[White "Milosevic, Rade"]
[Black "Brankovan, Mario"]
[Result "1-0"]
[WhiteElo "2099"]
[BlackElo "1854"]
[PlyCount "101"]
[EventDate "2012.07.06"]

1. Nf3 c5 2. c4 g6 3. d4 cxd4 4. Nxd4 Bg7 5. Nc3 Nf6 6. e4 d6 7. Be2 Bd7 8. Be3
Nc6 9. Qd2 Nxd4 10. Bxd4 Be6 11. b3 Qa5 12. f3 h5 13. O-O O-O 14. Rac1 Nd7 15.
Be3 Kh7 16. Rfd1 Rfc8 17. Nb5 Qxd2 18. Rxd2 a6 19. Nd4 Nf8 20. Rdc2 Nd7 21.
Nxe6 fxe6 22. Kf2 Rc6 23. Bd3 Bh6 24. Bxh6 Kxh6 25. Ke3 e5 26. g3 Rf8 27. Bf1
g5 28. Bh3 Nf6 29. Be6 g4 30. f4 exf4+ 31. gxf4 b6 32. h3 gxh3 33. Rh1 Ng4+ 34.
Kf3 Ne5+ 35. Kg3 h4+ 36. Kxh4 Rxf4+ 37. Kxh3 Rxe4 38. Kg3+ Kg5 39. Rch2 Re3+
40. Kf2 Rf3+ 41. Ke2 Rg3 42. Rh7 Kf6 43. Bd5 Rc8 44. Rf1+ Nf3 45. Rxf3+ Rxf3
46. Kxf3 b5 47. Rf7+ Ke5 48. Rxe7+ Kd4 49. Ra7 bxc4 50. bxc4 Rf8+ 51. Kg4 1-0

[Event "International Championship of Central Se"]
[Site "Paracin, hotel "]
[Date "2012.07.07"]
[Round "3.16"]
[White "Antic, Nenad"]
[Black "Korbovljanovic, Natasa"]
[Result "1/2-1/2"]
[WhiteElo "2031"]
[BlackElo "1844"]
[PlyCount "38"]
[EventDate "2012.07.06"]

1. d4 d5 2. c4 c6 3. Nf3 Nf6 4. Nc3 e6 5. e3 Nbd7 6. Bd3 Bd6 7. O-O O-O 8. b3
b6 9. Bb2 Bb7 10. Rc1 Rc8 11. Re1 Re8 12. Qd2 e5 13. dxe5 Nxe5 14. Nxe5 Bxe5
15. Rcd1 Qc7 16. h3 dxc4 17. Bxc4 Red8 18. Qe2 Rxd1 19. Rxd1 Rd8 1/2-1/2

[Event "International Championship of Central Se"]
[Site "Paracin, hotel "]
[Date "2012.07.07"]
[Round "3.17"]
[White "Radovic, Janko"]
[Black "Antonijevic, Milutin"]
[Result "1-0"]
[WhiteElo "2024"]
[BlackElo "1790"]
[PlyCount "89"]
[EventDate "2012.07.06"]

1. e4 c5 2. c3 e6 3. d4 b6 4. Nf3 Ba6 5. Bxa6 Nxa6 6. O-O Be7 7. Re1 cxd4 8.
cxd4 Rc8 9. Nc3 Bb4 10. Bd2 Ne7 11. Qa4 Bxc3 12. bxc3 Nb8 13. Qxa7 Nbc6 14. Qa4
Na5 15. Ne5 f6 16. Nd3 Nc4 17. Bf4 g5 18. Bc1 h6 19. Rb1 O-O 20. Nb2 Na5 21.
Nd1 Rc4 22. Qb5 Nc8 23. Ba3 Re8 24. Bb4 Qc7 25. Ne3 Qc6 26. Bxa5 Ra4 27. Qxc6
dxc6 28. Bxb6 Rxa2 29. Bc5 Na7 30. Bxa7 Rxa7 31. Ra1 Rea8 32. Rxa7 Rxa7 33. g3
Ra3 34. c4 Kf7 35. d5 Ke7 36. Rb1 cxd5 37. cxd5 exd5 38. exd5 h5 39. Nf5+ Kf7
40. Rb7+ Kg6 41. Ne7+ Kf7 42. Nc6+ Ke8 43. d6 Rd3 44. Re7+ Kf8 45. d7 1-0

[Event "International Championship of Central Se"]
[Site "Paracin, hotel "]
[Date "2012.07.07"]
[Round "3.18"]
[White "Pavlovic, Slobodan Z"]
[Black "Radovic, Luka"]
[Result "0-1"]
[WhiteElo "1805"]
[BlackElo "1982"]
[Annotator "Milojevic,Boban"]
[PlyCount "107"]
[EventDate "2012.07.06"]

1. d4 Nf6 2. Nc3 d5 3. Nf3 Bf5 4. Nh4 Bg4 5. h3 Bh5 6. g4 Bg6 7. Nxg6 hxg6 8.
Bg2 e6 9. Bg5 Be7 10. Qd3 Nc6 11. a3 Qd7 12. e3 O-O-O 13. b4 e5 14. b5 Na5 15.
dxe5 Nxg4 16. Bxe7 Nxe5 17. Qd4 Qxe7 18. Qxa7 Nec4 19. Nxd5 Qe5 20. Rd1 c6 21.
bxc6 Nxc6 22. Qa8+ Qb8 23. Qxb8+ Kxb8 24. O-O Nxa3 25. Rc1 Nc4 26. Ra1 Rd7 27.
Rfb1 Rhd8 28. e4 Ne7 29. Ra4 Nxd5 30. exd5 Rc7 31. Rbb4 Nd6 32. c4 Rdc8 33. Bf1
Re8 34. Rb6 Ne4 35. d6 Rc6 36. Rxc6 bxc6 37. Bg2 Nxd6 38. Bxc6 Rc8 39. Bd5 Rc5
40. h4 Kc7 41. Kg2 Kb6 42. Kf3 Rc7 43. Ke2 Nf5 44. Bf3 Kc5 45. h5 Nd4+ 46. Ke3
Re7+ 47. Kf4 Nxf3 48. Kxf3 gxh5 49. Ra5+ Kxc4 50. Rxh5 Kd4 51. Ra5 Re6 52. Ra7
Rf6+ 53. Kg3 Ke4 54. Ra4+ {unreadable} 0-1

[Event "International Championship of Central Se"]
[Site "Paracin, hotel "]
[Date "2012.07.07"]
[Round "3.19"]
[White "Vaskovic, Dragan"]
[Black "Radovanovic, Miroljub B"]
[Result "0-1"]
[WhiteElo "1823"]
[BlackElo "1953"]
[PlyCount "132"]
[EventDate "2012.07.06"]

1. e4 c5 2. c4 Nc6 3. g3 g6 4. Bg2 Bg7 5. Nc3 e5 6. d3 d6 7. Be3 Nf6 8. Nge2
Be6 9. O-O O-O 10. h3 h5 11. Qd2 Qd7 12. Kh2 Nh7 13. Bh6 f6 14. Bxg7 Kxg7 15.
f4 Nd4 16. b3 a6 17. Rf2 Rab8 18. Raf1 b5 19. Nxd4 cxd4 20. Nd5 Bxd5 21. exd5
Qc7 22. f5 g5 23. Bf3 Qf7 24. Qa5 bxc4 25. dxc4 g4 26. hxg4 Ng5 27. Kg2 Nxf3
28. Kxf3 hxg4+ 29. Ke4 Rh8 30. Rg1 Qb7 31. Rgg2 Qb6 32. Qd2 Qb4 33. Qe2 Kf7 34.
Qxg4 Qe1+ 35. Qe2 Qb1+ 36. Qd3 Qh1 37. Qf3 a5 38. Rf1 Qh6 39. Rgg1 a4 40. Rb1
a3 41. Rbd1 Qg5 42. Rg2 Rbg8 43. Rdd2 Rh3 44. Rd3 Rh1 45. Rdd2 Rgh8 46. Rc2 Rf1
47. Rcf2 Rxf2 48. Rxf2 Rh3 49. Rg2 Rh1 50. Qe2 Rf1 51. Rf2 Rxf2 52. Qxf2 Qg4+
53. Kd3 Qd1+ 54. Qd2 Qf3+ 55. Kc2 Qxf5+ 56. Kc1 d3 57. g4 Qf1+ 58. Qd1 Qf4+ 59.
Qd2 Qd4 60. Kb1 e4 61. Qh2 Kg7 62. g5 fxg5 63. Qg2 Qe3 64. Qf1 Qe2 65. Qc1 d2
66. Qc3+ Kf7 0-1

[Event "International Championship of Central Se"]
[Site "Paracin, hotel "]
[Date "2012.07.07"]
[Round "3.20"]
[White "Mirkovic, Dejan"]
[Black "Zivanovic, Blagoje"]
[Result "1-0"]
[WhiteElo "1919"]
[BlackElo "1767"]
[PlyCount "69"]
[EventDate "2012.07.06"]

1. d4 Nf6 2. Nf3 g6 3. c4 Bg7 4. Nc3 O-O 5. e3 d6 6. Be2 Bf5 7. Qb3 Qc8 8. Nh4
Bd7 9. Nd5 Nxd5 10. cxd5 a5 11. Bd2 e6 12. dxe6 fxe6 13. Rc1 a4 14. Qc2 Bc6 15.
f4 Qd8 16. Nf3 Qe8 17. O-O Nd7 18. Bc4 Bxf3 19. Rxf3 c6 20. Bb4 c5 21. dxc5 Rc8
22. Bb5 dxc5 23. Bc3 Qe7 24. Qxa4 Ra8 25. Qb3 Rfc8 26. Bc4 Nf8 27. f5 gxf5 28.
Rg3 Ng6 29. Bxe6+ Kh8 30. Bxf5 Rc6 31. Bxg6 Rxg6 32. Bxg7+ Rxg7 33. Rxg7 Qxg7
34. Rxc5 Rg8 35. Qc3 1-0

[Event "International Championship of Central Se"]
[Site "Paracin, hotel "]
[Date "2012.07.07"]
[Round "3.23"]
[White "Bouwmans, Erik"]
[Black "Tomic, Slobodan"]
[Result "0-1"]
[WhiteElo "1756"]
[BlackElo "2090"]
[Annotator "Milojevic,Boban"]
[PlyCount "26"]
[EventDate "2012.07.06"]

1. d4 Nf6 2. c4 c5 3. d5 b5 4. cxb5 a6 5. bxa6 Bxa6 6. Nc3 d6 7. e4 Bxf1 8.
Kxf1 g6 9. h3 Bg7 10. g3 O-O 11. Kg2 Nbd7 12. Nf3 Qc7 13. Re1 Rfb8 {unreadable}
0-1

[Event "International Championship of Central Se"]
[Site "Paracin, hotel "]
[Date "2012.07.07"]
[Round "3.24"]
[White "Jovicic, Damir"]
[Black "Glisic, Tomislav"]
[Result "0-1"]
[WhiteElo "1702"]
[BlackElo "2075"]
[PlyCount "88"]
[EventDate "2012.07.06"]

1. e4 e5 2. Nf3 Nc6 3. d4 exd4 4. Nxd4 Bc5 5. Be3 Qf6 6. c3 Nge7 7. g3 O-O 8.
Bg2 Ne5 9. Nd2 Nd3+ 10. Ke2 Nxb2 11. Qb3 Qa6+ 12. c4 Na4 13. f4 c6 14. Kf2 d6
15. f5 Qa5 16. N2f3 Bb6 17. g4 Nc5 18. Qc2 Nd7 19. Rad1 Ne5 20. Kg3 Bc7 21. Bf4
f6 22. h4 Qc5 23. Bf1 g6 24. Qc1 gxf5 25. gxf5 Kh8 26. Kh3 Rg8 27. Bxe5 dxe5
28. Qh6 Ng6 29. h5 Nf4+ 30. Kh4 Qe7 31. Nb3 b6 32. c5 b5 33. Nh2 Rg5 34. Be2
Nxe2 35. Ng4 Nf4 36. Nxf6 Rg7 37. Rhg1 Rxg1 38. Rxg1 Bxf5 39. Qg5 Be6 40. h6
Ng6+ 41. Kh5 Qf7 42. Nd2 Rf8 43. Nxh7 Nf4+ 44. Kh4 Bd8 0-1

[Event "International Championship of Central Se"]
[Site "Paracin, hotel "]
[Date "2012.07.07"]
[Round "3.25"]
[White "Djuretanovic, Ivan"]
[Black "Hrescak, Ivana"]
[Result "1-0"]
[WhiteElo "2051"]
[BlackElo "1686"]
[PlyCount "52"]
[EventDate "2012.07.06"]

1. e4 d5 2. exd5 Qxd5 3. Nc3 Qd6 4. d4 Nf6 5. Nf3 c6 6. h3 Bf5 7. Bd3 Bxd3 8.
Qxd3 e6 9. O-O Be7 10. Re1 O-O 11. Bg5 Nbd7 12. Rad1 Rfd8 13. Bh4 Rac8 14. a3
Qc7 15. Qe2 Nb6 16. Bg3 Bd6 17. Ne5 Nbd5 18. Ne4 Nxe4 19. Qxe4 c5 20. dxc5 Qxc5
21. Bh4 Re8 22. Rd2 Qa5 23. c3 h6 24. Nc4 Rxc4 25. Qxc4 Nb6 26. Qe4 Rd8 1-0

[Event "International Championship of Central Se"]
[Site "Paracin, hotel "]
[Date "2012.07.07"]
[Round "3.26"]
[White "Lazic, Milan B"]
[Black "Injac, Teodora"]
[Result "1/2-1/2"]
[WhiteElo "2042"]
[BlackElo "1679"]
[PlyCount "31"]
[EventDate "2012.07.06"]

1. e4 d6 2. d4 Nf6 3. Nc3 g6 4. Bc4 Bg7 5. Qe2 e5 6. dxe5 dxe5 7. Bd2 O-O 8.
O-O-O Nbd7 9. h4 c6 10. f3 b5 11. Bb3 Qc7 12. g4 a5 13. a4 b4 14. Nb1 Nc5 15.
Bc4 Nxa4 16. h5 1/2-1/2

[Event "International Championship of Central Se"]
[Site "Paracin, hotel "]
[Date "2012.07.07"]
[Round "3.27"]
[White "Tosic, Dragoljub"]
[Black "Miloradovic, Stanisav"]
[Result "1-0"]
[WhiteElo "1998"]
[BlackElo "1666"]
[PlyCount "93"]
[EventDate "2012.07.06"]

1. d4 e6 2. Nf3 Nf6 3. g3 g6 4. Bg2 Bg7 5. O-O O-O 6. c4 d5 7. Nc3 c6 8. a4 b6
9. Qb3 Ba6 10. cxd5 cxd5 11. Ne5 Nfd7 12. f4 f6 13. Nf3 Nc6 14. Nb5 Na5 15. Qb4
Re8 16. Rd1 Bf8 17. Qe1 Nb3 18. Ra2 Nxc1 19. Rxc1 Bb7 20. Nc7 a5 21. Nxe8 Qxe8
22. Rc7 Ba6 23. b3 Bb4 24. Qd1 Bd6 25. Rc6 Qb8 26. Rac2 Bb7 27. R6c3 Ba6 28.
Ne1 Bb7 29. Nd3 Qa7 30. e3 f5 31. Bf1 Nf6 32. Nf2 Bb4 33. Rc7 Bd6 34. Qc1 Ne8
35. Rd7 Qb8 36. Bb5 Ra7 37. Bc6 Bxc6 38. Rxa7 Qxa7 39. Rxc6 Kf7 40. Nd3 Kf6 41.
Rc8 Nc7 42. Ne5 Qb7 43. Rh8 Kg7 44. Rd8 Bxe5 45. Rd7+ Kh6 46. dxe5 Qa6 47. Qxc7
1-0

[Event "International Championship of Central Se"]
[Site "Paracin, hotel "]
[Date "2012.07.07"]
[Round "3.28"]
[White "Rakic, Nikola"]
[Black "Matsenko, Elena"]
[Result "0-1"]
[WhiteElo "1689"]
[BlackElo "1996"]
[Annotator "Milojevic,Boban"]
[PlyCount "41"]
[EventDate "2012.07.06"]

1. e4 c5 2. Nf3 Nc6 3. c3 Nf6 4. e5 Nd5 5. d4 cxd4 6. cxd4 d6 7. exd6 Qxd6 8.
a3 Bg4 9. Be2 e6 10. h3 Bh5 11. Nc3 Be7 12. Ne4 Qd8 13. Ng3 Bg6 14. Bb5 Qa5+
15. Bd2 Qxb5 16. b3 O-O 17. a4 Qd3 18. Ne2 Bb4 19. Bxb4 Qxd1+ 20. Rxd1 Ncxb4
21. O-O {unreadable} 0-1

[Event "International Championship of Central Se"]
[Site "Paracin, hotel "]
[Date "2012.07.07"]
[Round "3.29"]
[White "Nikic, Saso"]
[Black "Dragojevic, Dragan"]
[Result "1/2-1/2"]
[WhiteElo "1683"]
[BlackElo "1968"]
[PlyCount "74"]
[EventDate "2012.07.06"]

1. e4 e5 2. Nf3 Nc6 3. Bb5 a6 4. Bxc6 dxc6 5. O-O f6 6. d4 Bg4 7. dxe5 Qxd1 8.
Rxd1 Bxf3 9. gxf3 fxe5 10. f4 Nf6 11. f3 Bd6 12. fxe5 Bxe5 13. c3 Nh5 14. Be3
O-O 15. Nd2 Bd6 16. Rf1 b5 17. Nb3 Rae8 18. Na5 Rf6 19. Rf2 Ref8 20. Raf1 Nf4
21. Bxf4 Rxf4 22. Nxc6 R8f6 23. Nd4 Rh4 24. Nf5 Rxf5 25. exf5 Bc5 26. Kg2 Bxf2
27. Rxf2 Rf4 28. Rd2 Rxf5 29. Rd8+ Rf8 30. Rd7 c5 31. Ra7 Rf6 32. Kf2 h6 33. b3
Kh7 34. Rc7 Rd6 35. Ke3 Re6+ 36. Kf2 Rd6 37. Ke3 Re6+ 1/2-1/2

[Event "International Championship of Central Se"]
[Site "Paracin, hotel "]
[Date "2012.07.07"]
[Round "3.30"]
[White "Arsic, Djordje"]
[Black "Miskovic, Lazar"]
[Result "1-0"]
[WhiteElo "1949"]
[BlackElo "1629"]
[PlyCount "51"]
[EventDate "2012.07.06"]

1. e4 c6 2. d4 d5 3. e5 e6 4. Nf3 c5 5. Be2 Nc6 6. c3 Nge7 7. O-O Ng6 8. Be3
Be7 9. Ne1 O-O 10. f4 c4 11. g4 Qb6 12. Qc2 h6 13. Ng2 Nh4 14. Nxh4 Bxh4 15.
Rf3 Qd8 16. Nd2 b5 17. Kh1 Rb8 18. Rg1 Be7 19. f5 Bg5 20. Bf2 b4 21. Nf1 bxc3
22. bxc3 a5 23. f6 gxf6 24. h4 fxe5 25. hxg5 e4 26. Rh3 1-0